| 000 | 00368nam a2200169Ia 4500 | ||
|---|---|---|---|
| 008 | 210210b1920 xxu||||| |||| 00| 0 eng d | ||
| 041 | _aeng | ||
| 082 | _a331/252 | ||
| 100 | _aWITHERS (H) | ||
| 245 | _aMeaning of money | ||
| 260 |
_aLondon _bJohn Murray _c1920 |
||
| 650 | _aof | ||
| 650 | _amoney | ||
| 650 | _aMeaning | ||
| 690 | _aBanking | ||
| 906 | _a004154 | ||
| 999 |
_c123213 _d123213 |
||